000
00331pam a2200145 a 4500
020
_c
041
_h
082
_a
658
_b
STA
100
_a
Stacey,R.D.
245
_a
Complexcity And Management
_h
Textual Documents
260
_a
Londan
_b
Routledge And Kegan Poul
_c
2003
300
_a
X/224
700
_a
Girffin,D.
930
_a
6134
999
_c
112962
_d
112962